Three came unarmed / (Record no. 191013)
[ view plain ]
| 000 -LEADER | |
|---|---|
| fixed length control field | 00720 a2200169 4500 |
| 003 - CONTROL NUMBER IDENTIFIER | |
| control field | Nust |
| 005 - DATE AND TIME OF LATEST TRANSACTION | |
| control field | 20230125133857.0 |
| 040 ## - CATALOGING SOURCE | |
| Transcribing agency | Nust |
| 082 ## - DEWEY DECIMAL CLASSIFICATION NUMBER | |
| Classification number | 808.83,ROB |
| 100 ## - MAIN ENTRY--PERSONAL NAME | |
| Personal name | Robertson, E. Arnot |
| 9 (RLIN) | 107646 |
| 245 ## - TITLE STATEMENT | |
| Title | Three came unarmed / |
| Statement of responsibility, etc. | E. Arnot Robertson |
| 260 ## - PUBLICATION, DISTRIBUTION, ETC. | |
| Place of publication, distribution, etc. | London |
| Name of publisher, distributor, etc. | Jonathan |
| Date of publication, distribution, etc. | 1933 |
| 300 ## - PHYSICAL DESCRIPTION | |
| Extent | 288 p |
| 505 ## - FORMATTED CONTENTS NOTE | |
| Formatted contents note | On Broken Ship (Page-9), Passage to England (Page-26), At West Mersea (Page-38), Dawn Had A headache (Page-64), Annie and Dawn (Page-104), Nonie Luck and Dawns (Page-174), Nonie and Hugh Eves (Page-214), Herel in Paley (Page-230), Summer is not the Worthy of Spring (Page-257), Man in the Herd (Page-268), Sailing With Colin (Page-278). |
| 650 ## - SUBJECT ADDED ENTRY--TOPICAL TERM | |
| Topical term or geographic name entry element | Novel |
| 9 (RLIN) | 2525 |
| 942 ## - ADDED ENTRY ELEMENTS (KOHA) | |
| Source of classification or shelving scheme | |
| Koha item type | Book |
| Withdrawn status | Lost status | Source of classification or shelving scheme | Damaged status | Not for loan | Permanent Location | Current Location | Shelving location | Date acquired | Full call number | Barcode | Date last seen | Price effective from | Koha item type | Public note |
|---|---|---|---|---|---|---|---|---|---|---|---|---|---|---|
| Military College of Signals (MCS) | Military College of Signals (MCS) | General Stacks | 12/12/2016 | 808.83,ROB | MCS30114 | 12/08/2016 | 12/12/2016 | Book | Almirah No.57, Shelf No.2 |
